Normal view
MARC view
Entry Nombre personal
001 - NÚMERO DE CONTROL
- campo de control: 159462
003 - IDENTIFICADOR DEL NÚMERO DE CONTROL
- campo de control: CHAP
005 - FECHA Y HORA DE LA ÚLTIMA TRANSACCIÓN
- campo de control: 20240315131727.0
008 - DATOS DE LONGITUD FIJA
- campo de control de longitud fija: 220127|| aca||aabn | a|a d
040 ## - FUENTE DE LA CATALOGACIÓN
- Centro catalogador/agencia de origen: mxchpua
- Centro/agencia transcriptor: CHAP
100 ## - ENCABEZAMIENTO-NOMBRE DE PERSONA
- Nombre de persona: Díaz López, Jonathan
374 ## - OCUPACIÓN
- Ocupación: Alumno del DIA
670 ## - FUENTE DE DATOS ENCONTRADOS
- Cita de la fuente: Work cat.: (OSt)176747: Morales Santos, Tayde 78416, Informe del viaje de estudios del 19 al 31 de enero : estados de México, Guanajuato, Michoacán, Colima, Jalisco y Querétaro /, 2009
